000 00346nam a22001217a 4500
020 _a345681111X
082 _a616
_bPSY
100 _aBasle, P. Kielholz
_9112002
245 _aPsychosomatic Cardiovascular Disorders-when and how to treat /
_c P. Kielholz Basle
260 _aFrance,
_bHans Huber Pub
_c1980.
300 _a256p. ;
942 _2ddc
_cBK
999 _c594575
_d594575